<?xml version="1.0" encoding="UTF-8"?><?xml-stylesheet type="text/xsl" href="static/style.xsl"?><OAI-PMH xmlns="http://www.openarchives.org/OAI/2.0/" xmlns:xsi="http://www.w3.org/2001/XMLSchema-instance" xsi:schemaLocation="http://www.openarchives.org/OAI/2.0/ http://www.openarchives.org/OAI/2.0/OAI-PMH.xsd"><responseDate>2026-06-01T04:35:50Z</responseDate><request verb="GetRecord" identifier="oai:riuma.uma.es:10630/37625" metadataPrefix="marc">https://riuma.uma.es/rest/oai/request</request><GetRecord><record><header><identifier>oai:riuma.uma.es:10630/37625</identifier><datestamp>2026-02-03T11:31:40Z</datestamp><setSpec>com_10630_2254</setSpec><setSpec>col_10630_37953</setSpec></header><metadata><record xmlns="http://www.loc.gov/MARC21/slim" xmlns:dcterms="http://purl.org/dc/terms/" xmlns:doc="http://www.lyncode.com/xoai" xmlns:xsi="http://www.w3.org/2001/XMLSchema-instance" xsi:schemaLocation="http://www.loc.gov/MARC21/slim http://www.loc.gov/standards/marcxml/schema/MARC21slim.xsd">
   <leader>00925njm 22002777a 4500</leader>
   <datafield ind2=" " ind1=" " tag="042">
      <subfield code="a">dc</subfield>
   </datafield>
   <datafield ind2=" " ind1=" " tag="720">
      <subfield code="a">Del-Pino-Brunet, Natalia</subfield>
      <subfield code="e">author</subfield>
   </datafield>
   <datafield ind2=" " ind1=" " tag="720">
      <subfield code="a">Salas-Rodríguez, Javier</subfield>
      <subfield code="e">author</subfield>
   </datafield>
   <datafield ind2=" " ind1=" " tag="720">
      <subfield code="a">Hombrados-Mendieta, Isabel</subfield>
      <subfield code="e">author</subfield>
   </datafield>
   <datafield ind2=" " ind1=" " tag="720">
      <subfield code="a">Gómez-Jacinto, Luís</subfield>
      <subfield code="e">author</subfield>
   </datafield>
   <datafield ind2=" " ind1=" " tag="260">
      <subfield code="c">2024-01-18</subfield>
   </datafield>
   <datafield ind2=" " ind1=" " tag="520">
      <subfield code="a">One of the primary drivers behind adolescents engaging in risk-taking behaviors is the pursuit&#xd;
of status. This study examines how activism and radicalism mediate the relation between the&#xd;
search for status and risk-taking behaviors, moderated by sex. A total of 482 participants,&#xd;
with an average age of 17.97 (SD = 1.83), reported their levels of status-seeking, activism,&#xd;
radicalism, and engagement in risk-taking behaviors. The study revealed an indirect effect of&#xd;
seeking status on risk-taking behaviors through the mechanisms of activism and radicalism.&#xd;
Furthermore, sex moderated the relation between status, activism and radicalism, and risktaking&#xd;
behaviors. In both girls and boys, activism correlated with reduced engagement in risktaking,&#xd;
while radicalism correlated with increased engagement. In terms of sex differences,&#xd;
both activism and radicalism showed a more pronounced effect in boys than in girls. These&#xd;
findings highlight the role of political mobilization on the relation between the pursuit of&#xd;
status and engagement in risk-taking.</subfield>
   </datafield>
   <datafield ind1="8" ind2=" " tag="024">
      <subfield code="a">https://hdl.handle.net/10630/37625</subfield>
   </datafield>
   <datafield ind1="8" ind2=" " tag="024">
      <subfield code="a">10.1057/s41599-024-02623-3</subfield>
   </datafield>
   <datafield tag="653" ind2=" " ind1=" ">
      <subfield code="a">Adolescentes - Psicología</subfield>
   </datafield>
   <datafield tag="653" ind2=" " ind1=" ">
      <subfield code="a">Diferencias sexuales (Psicología)</subfield>
   </datafield>
   <datafield ind2="0" ind1="0" tag="245">
      <subfield code="a">Sex differences in the mediation role of political mobilization between the search for status and risk-taking behaviors in adolescents.</subfield>
   </datafield>
</record>
</metadata></record></GetRecord></OAI-PMH>